| 000 | 00670cam a22002055a 4500 | ||
|---|---|---|---|
| 001 | L156031 | ||
| 008 | 120425s1832 xxk f 000 0 eng d | ||
| 035 | _a(Sirsi) u156031 | ||
| 041 | 0 | _aeng | |
| 100 | 1 |
_aMaddy, W. _q(Watkin) _dd. 1857 |
|
| 245 | 0 | 4 | _aThe elements of the theory of astronomy |
| 250 |
_aA new edition _brevised and greatly enlarged by J. Hymers |
||
| 260 |
_aCambridge _bJ. & J. J. Deighton _c1832 |
||
| 300 |
_ax, 363, [1] p., 1 leaf of plate _bill. _c21 cm. |
||
| 583 |
_aCondition reviewed _c20120620 _lcondition level 4 |
||
| 651 | 4 |
_aGreat Britain _y1707- |
|
| 690 |
_aMeasurement _96256 |
||
| 700 | 1 |
_aHymers, J. _q(John) _d1803-1887 |
|
| 942 | _n0 | ||
| 999 |
_c113991 _d113991 |
||